<?xml version="1.0" encoding="UTF-8"?>
<record
    xmlns:xsi="http://www.w3.org/2001/XMLSchema-instance"
    xsi:schemaLocation="http://www.loc.gov/MARC21/slim http://www.loc.gov/standards/marcxml/schema/MARC21slim.xsd"
    xmlns="http://www.loc.gov/MARC21/slim">

  <leader>01568nam a2200265Ia 4500</leader>
  <datafield tag="952" ind1=" " ind2=" ">
    <subfield code="0">0</subfield>
    <subfield code="1">0</subfield>
    <subfield code="2">lcc</subfield>
    <subfield code="4">0</subfield>
    <subfield code="7">0</subfield>
    <subfield code="a">04</subfield>
    <subfield code="b">04</subfield>
    <subfield code="d">2012-05-08</subfield>
    <subfield code="l">0</subfield>
    <subfield code="o">QA154.2  A5318 2008</subfield>
    <subfield code="p">05 001188</subfield>
    <subfield code="r">2023-04-27</subfield>
    <subfield code="t">1</subfield>
    <subfield code="w">2012-06-24</subfield>
    <subfield code="y">LB</subfield>
  </datafield>
  <datafield tag="952" ind1=" " ind2=" ">
    <subfield code="0">0</subfield>
    <subfield code="1">0</subfield>
    <subfield code="2">lcc</subfield>
    <subfield code="4">0</subfield>
    <subfield code="7">0</subfield>
    <subfield code="a">04</subfield>
    <subfield code="b">04</subfield>
    <subfield code="d">2012-05-08</subfield>
    <subfield code="l">1</subfield>
    <subfield code="o">QA154.2  A5318 2008</subfield>
    <subfield code="p">05 001189</subfield>
    <subfield code="r">2023-04-27</subfield>
    <subfield code="s">2016-09-01</subfield>
    <subfield code="t">2</subfield>
    <subfield code="w">2012-06-24</subfield>
    <subfield code="y">LB</subfield>
  </datafield>
  <datafield tag="952" ind1=" " ind2=" ">
    <subfield code="0">0</subfield>
    <subfield code="1">0</subfield>
    <subfield code="2">lcc</subfield>
    <subfield code="4">0</subfield>
    <subfield code="7">0</subfield>
    <subfield code="a">21</subfield>
    <subfield code="b">21</subfield>
    <subfield code="d">2012-05-21</subfield>
    <subfield code="l">3</subfield>
    <subfield code="m">1</subfield>
    <subfield code="o">QA154.2 A5418 2008</subfield>
    <subfield code="p">21 000939</subfield>
    <subfield code="r">2018-09-11</subfield>
    <subfield code="s">2018-09-11</subfield>
    <subfield code="t">1</subfield>
    <subfield code="w">2012-07-20</subfield>
    <subfield code="y">LB</subfield>
  </datafield>
  <datafield tag="952" ind1=" " ind2=" ">
    <subfield code="0">0</subfield>
    <subfield code="1">0</subfield>
    <subfield code="2">lcc</subfield>
    <subfield code="4">0</subfield>
    <subfield code="7">0</subfield>
    <subfield code="a">21</subfield>
    <subfield code="b">21</subfield>
    <subfield code="d">2012-05-21</subfield>
    <subfield code="l">0</subfield>
    <subfield code="o">QA154.2 A5418 2008</subfield>
    <subfield code="p">21 000940</subfield>
    <subfield code="r">2012-07-20</subfield>
    <subfield code="t">2</subfield>
    <subfield code="w">2012-07-20</subfield>
    <subfield code="y">LB</subfield>
  </datafield>
  <datafield tag="952" ind1=" " ind2=" ">
    <subfield code="0">0</subfield>
    <subfield code="1">0</subfield>
    <subfield code="2">lcc</subfield>
    <subfield code="4">0</subfield>
    <subfield code="7">0</subfield>
    <subfield code="a">21</subfield>
    <subfield code="b">21</subfield>
    <subfield code="d">2012-05-21</subfield>
    <subfield code="l">0</subfield>
    <subfield code="o">QA154.2 A5418 2008</subfield>
    <subfield code="p">21 000941</subfield>
    <subfield code="r">2012-07-20</subfield>
    <subfield code="t">3</subfield>
    <subfield code="w">2012-07-20</subfield>
    <subfield code="y">LB</subfield>
  </datafield>
  <datafield tag="952" ind1=" " ind2=" ">
    <subfield code="0">0</subfield>
    <subfield code="1">0</subfield>
    <subfield code="2">lcc</subfield>
    <subfield code="4">0</subfield>
    <subfield code="7">0</subfield>
    <subfield code="a">21</subfield>
    <subfield code="b">21</subfield>
    <subfield code="d">2012-05-21</subfield>
    <subfield code="l">3</subfield>
    <subfield code="o">QA154.2 A5418 2008</subfield>
    <subfield code="p">21 000942</subfield>
    <subfield code="r">2019-03-04</subfield>
    <subfield code="s">2019-03-04</subfield>
    <subfield code="t">4</subfield>
    <subfield code="w">2012-07-20</subfield>
    <subfield code="y">LB</subfield>
  </datafield>
  <datafield tag="952" ind1=" " ind2=" ">
    <subfield code="0">0</subfield>
    <subfield code="1">0</subfield>
    <subfield code="2">lcc</subfield>
    <subfield code="4">0</subfield>
    <subfield code="7">0</subfield>
    <subfield code="a">03</subfield>
    <subfield code="b">03</subfield>
    <subfield code="d">0000-00-00</subfield>
    <subfield code="l">4</subfield>
    <subfield code="o">QA154.2 A53 2008</subfield>
    <subfield code="p">03 000039</subfield>
    <subfield code="r">2016-10-11</subfield>
    <subfield code="s">2016-10-11</subfield>
    <subfield code="t">1</subfield>
    <subfield code="w">2013-07-13</subfield>
    <subfield code="y">LB</subfield>
  </datafield>
  <datafield tag="999" ind1=" " ind2=" ">
    <subfield code="c">63500</subfield>
    <subfield code="d">63500</subfield>
  </datafield>
  <controlfield tag="008">120625s2008    mx ad         000 0 spa d</controlfield>
  <datafield tag="020" ind1=" " ind2=" ">
    <subfield code="a">9789702612230</subfield>
  </datafield>
  <datafield tag="050" ind1=" " ind2="4">
    <subfield code="a">QA154.2</subfield>
    <subfield code="b">A5418 2008</subfield>
  </datafield>
  <datafield tag="100" ind1=" " ind2=" ">
    <subfield code="a">Angel, Allen R.,</subfield>
    <subfield code="d">, 1942</subfield>
    <subfield code="e">autor</subfield>
  </datafield>
  <datafield tag="240" ind1=" " ind2=" ">
    <subfield code="a">Intermediate algebra for College Students</subfield>
    <subfield code="l">espa&#xF1;ol</subfield>
  </datafield>
  <datafield tag="245" ind1=" " ind2=" ">
    <subfield code="a">&#xC1;lgebra intermedia</subfield>
    <subfield code="c"> / Angel R. Allen ; con la asistencia de Donna R. Petrie ; traducci&#xF3;n de V&#xED;ctor Hugo Ibarra Mercado</subfield>
  </datafield>
  <datafield tag="250" ind1=" " ind2=" ">
    <subfield code="a">7a edici&#xF3;n</subfield>
  </datafield>
  <datafield tag="260" ind1=" " ind2=" ">
    <subfield code="a">M&#xE9;xico</subfield>
    <subfield code="b"> : Prentice Hall</subfield>
    <subfield code="c">, 2008</subfield>
  </datafield>
  <datafield tag="300" ind1=" " ind2=" ">
    <subfield code="a">xviii, 737 p&#xE1;ginas </subfield>
    <subfield code="b"> : ilustraciones, gr&#xE1;ficas</subfield>
  </datafield>
  <datafield tag="505" ind1=" " ind2=" ">
    <subfield code="a">Conceptos B&#xE1;sicos
Ecuaciones y Desigualdades
Gr&#xE1;ficas y Funciones
Sistemas de Ecuaciones y Desigualdades
Polinomios y Funciones Polinomiales
Expresiones Raciales y Ecuaciones
Ra&#xED;ces, Radicales y N&#xFA;meros Complejos
Funciones Cuadr&#xE1;ticas
Funciones Exponenciales y Logar&#xED;tmicas
Secciones C&#xF3;nicas
Sucesiones, Series y el Teorema del Binomio</subfield>
  </datafield>
  <datafield tag="519" ind1=" " ind2=" ">
    <subfield code="a">Plan UNAM /</subfield>
    <subfield code="b">Preparatoria /</subfield>
    <subfield code="c">Matem&#xE1;ticas IV (1400-3) /</subfield>
    <subfield code="d">(21 000939, 21 000940, 21 000941, 21 000942)</subfield>
  </datafield>
  <datafield tag="519" ind1=" " ind2=" ">
    <subfield code="a">Material Complementario / </subfield>
    <subfield code="d">(03 000039)</subfield>
  </datafield>
  <datafield tag="519" ind1=" " ind2=" ">
    <subfield code="a">Plan UNAM /</subfield>
    <subfield code="b">Preparatoria </subfield>
    <subfield code="c">Matematicas IV (1400)</subfield>
    <subfield code="d">(05 001188, 05 001189)</subfield>
  </datafield>
  <datafield tag="650" ind1="1" ind2="4">
    <subfield code="a">&#xC1;LGEBRA</subfield>
  </datafield>
  <datafield tag="700" ind1=" " ind2=" ">
    <subfield code="a">Petrie, Doona R. </subfield>
    <subfield code="e">asistencia</subfield>
  </datafield>
  <datafield tag="700" ind1=" " ind2=" ">
    <subfield code="a">Ibarra Mercado, Victor Hugo</subfield>
    <subfield code="e">traductor</subfield>
  </datafield>
  <datafield tag="942" ind1=" " ind2=" ">
    <subfield code="c">LB</subfield>
    <subfield code="2">lcc</subfield>
  </datafield>
</record>
